| 000 | 00847cab a2200253 4500 | ||
|---|---|---|---|
| 001 | ABS55837 | ||
| 008 | 090401t1996 xxu||||| |||| 00| 0 eng d | ||
| 035 | _a(Sirsi) u19056 | ||
| 041 | _aeng | ||
| 100 | _aEnglish, R. | ||
| 245 | 4 | _aThe tenant, his wife, the lodger and their telly: a spot of nuisance in docklands | |
| 260 | _c1996 | ||
| 350 | _a0 | ||
| 490 |
_aModern Law Review _v59(5) September 1996, 726-732(4) |
||
| 520 | _aDiscusses the Court of Appeal decision in "Hunter v Canary Wharf Ltd / Docklands Development Corporation" which highlighted the contradictory problem of public interests and private rights. | ||
| 650 | _aDUST | ||
| 650 | _aHUNTER V CANARY WHARF LTD AND LDDC | ||
| 650 | _aINTERFERENCE | ||
| 650 | _aNUISANCE | ||
| 650 | _aTELEVISION RECEPTION | ||
| 690 | _aLAW | ||
| 942 | _n0 | ||
| 948 | _c04/03/1997 | ||
| 999 |
_c12687 _d12687 |
||